MARC details
| 000 -CABECERA |
| campo de control de longitud fija |
01154nam a22002537a 4500 |
| 003 - IDENTIFICADOR DEL NÚMERO DE CONTROL |
| campo de control |
DO-SdBNP |
| 005 - FECHA Y HORA DE LA ÚLTIMA TRANSACCIÓN |
| campo de control |
20220510081546.0 |
| 007 - CAMPO FIJO DE DESCRIPCIÓN FÍSICA--INFORMACIÓN GENERAL |
| campo de control de longitud fija |
ta |
| 008 - DATOS DE LONGITUD FIJA--INFORMACIÓN GENERAL |
| campo de control de longitud fija |
220211b2019 dr a|||| |||| 00| 0 spa d |
| 020 ## - NÚMERO INTERNACIONAL ESTÁNDAR DEL LIBRO |
| Número Internacional Estándar del Libro |
9789945220254 |
| 040 ## - FUENTE DE LA CATALOGACIÓN |
| Centro catalogador/agencia de origen |
DO-SdBNP |
| Lengua de catalogación |
spa |
| Centro/agencia transcriptor |
BNPHU |
| 082 #4 - NÚMERO DE LA CLASIFICACIÓN DECIMAL DEWEY |
| Número de edición |
22 |
| 100 ## - ENTRADA PRINCIPAL--NOMBRE DE PERSONA |
| 9 (RLIN) |
43393 |
| Nombre de persona |
Salcedo, Lino |
| 245 10 - MENCIÓN DE TÍTULO |
| Título |
Yatny en la escuela feliz / |
| Mención de responsabilidad, etc. |
Lino Salcedo ; corrección Lissania Salcedo ; ilustraciones Rafael Leónidas Laureano. |
| 260 ## - PUBLICACIÓN, DISTRIBUCIÓN, ETC. |
| Lugar de publicación, distribución, etc. |
Santo Domingo : |
| Nombre del editor, distribuidor, etc. |
Búho, |
| Fecha de publicación, distribución, etc. |
2019. |
| 300 ## - DESCRIPCIÓN FÍSICA |
| Extensión |
93 p. : |
| Otras características físicas |
il. ; |
| Dimensiones |
19 cm. |
| 500 ## - NOTA GENERAL |
| Nota general |
Incluye datos biográficos del autor en la página 93 |
| 505 0# - NOTA DE CONTENIDO CON FORMATO |
| Nota de contenido con formato |
Capítulo 1-- |
| Título |
Miedo a la escuela -- |
| Información miscelánea |
Capítulo II-- |
| Título |
¡Bienvenida Yatny! -- |
| Información miscelánea |
Capítulo III-- |
| Título |
Cuando sea grande yo quiero ser -- |
| Información miscelánea |
Capítulo IV-- |
| Título |
La competencia -- |
| Información miscelánea |
Capítulo V-- |
| Título |
La mascota de Yatny -- |
| Información miscelánea |
Capítulo VI-- |
| Título |
¡Vamos al zoológico! -- |
| Información miscelánea |
Capítulo VII-- |
| Título |
Saca el genio que hay en ti -- |
| Información miscelánea |
Capítulo VIII-- |
| Título |
¡Vacaciones! -- |
| -- |
Sobre el autor. |
| 590 ## - NOTA LOCAL (RLIN) |
| Nota local |
Inventariado, 2022 /LP<br/> |
| 700 1# - PUNTO DE ACCESO ADICIONAL--NOMBRE DE PERSONA |
| Nombre de persona |
Salcedo, Lissania, |
| Término indicativo de función/relación |
corr. |
| 9 (RLIN) |
81220 |
| 700 1# - PUNTO DE ACCESO ADICIONAL--NOMBRE DE PERSONA |
| Nombre de persona |
Laureano, Rafael Leónidas, |
| Término indicativo de función/relación |
il. |
| 9 (RLIN) |
81221 |
| 910 ## - DATOS DE OPCIÓN DEL USUARIO (OCLC) |
| Datos de opción del usuario |
Lopérez. |
| 942 ## - ELEMENTOS DE PUNTO DE ACCESO ADICIONAL (KOHA) |
| Fuente del sistema de clasificación o colocación |
Dewey Decimal Classification |
| Tipo de ítem Koha |
Libro |